Campbell's operative orthopaedics. (Record no. 3468)

MARC details
000 -LEADER
fixed length control field 01405nam a22003257a 4500
003 - CONTROL NUMBER IDENTIFIER
control field OSt
005 - DATE AND TIME OF LATEST TRANSACTION
control field 20260316155513.0
008 - FIXED-LENGTH DATA ELEMENTS--GENERAL INFORMATION
fixed length control field 260316b |||||||| |||| 00| 0 eng d
020 ## - INTERNATIONAL STANDARD BOOK NUMBER
International Standard Book Number 978-0801610653
040 ## - CATALOGING SOURCE
Original cataloging agency DNLM/DLC
Transcribing agency OGU
Modifying agency DLC
050 00 - LIBRARY OF CONGRESS CALL NUMBER
Classification number RD731
Item number .C28 1987
060 ## - NATIONAL LIBRARY OF MEDICINE CALL NUMBER
Classification number WE 168 C192o
082 00 - DEWEY DECIMAL CLASSIFICATION NUMBER
Classification number 617/.3
Edition information 19
100 ## - MAIN ENTRY--PERSONAL NAME
Personal name Campbell C. Willis
Relator term Contributor
245 00 - TITLE STATEMENT
Title Campbell's operative orthopaedics.
Remainder of title 4 Volume Set.
Statement of responsibility, etc. by Willis C. Campbell
250 ## - EDITION STATEMENT
Edition statement 7th ed.
260 ## - PUBLICATION, DISTRIBUTION, ETC.
Place of publication, distribution, etc. St. Louis :
Name of publisher, distributor, etc. Mosby,
Date of publication, distribution, etc. c1987.
300 ## - PHYSICAL DESCRIPTION
Extent 4 v. (xv, 3374 p.) :
Other physical details ill. (some col.) ;
Dimensions 29 cm.
336 ## - CONTENT TYPE
Content type term text
Content type code txt
Source rdacontent
337 ## - MEDIA TYPE
Media type term unmediated
Media type code n
Source rdamedia
338 ## - CARRIER TYPE
Carrier type term volume
Carrier type code nc
Source rdacarrier
504 ## - BIBLIOGRAPHY, ETC. NOTE
Bibliography, etc. note Includes bibliographies and index.
505 0# - FORMATTED CONTENTS NOTE
Formatted contents note v. 1. General principles -- The hand -- Microsurgery -- Amputations -- Infections -- v. 2. Tumors -- Nontraumatic bone and joint disorders -- Arthrodesis -- Arthroplasty -- v. 3. Fractures -- Dislocations -- Disorders of muscles, tendons, and associated structures -- Traumatic disorders of joints -- v. 4. Arthroscopy -- Congenital anomalies -- Nervous system disorders -- The spine.
650 #0 - SUBJECT ADDED ENTRY--TOPICAL TERM
Topical term or geographic name entry element Orthopedic surgery.
650 #2 - SUBJECT ADDED ENTRY--TOPICAL TERM
Topical term or geographic name entry element Orthopedics.
700 1# - ADDED ENTRY--PERSONAL NAME
Personal name Crenshaw, A. H.
Fuller form of name (Andrew Hoyt),
Dates associated with a name 1920-
Relator term Contributor
740 0# - ADDED ENTRY--UNCONTROLLED RELATED/ANALYTICAL TITLE
Uncontrolled related/analytical title Operative orthopaedics.
906 ## - LOCAL DATA ELEMENT F, LDF (RLIN)
a 7
b cbc
c orignew
d 1
e ocip
f 19
g y-gencatlg
942 ## - ADDED ENTRY ELEMENTS (KOHA)
Source of classification or shelving scheme Library of Congress Classification
Koha item type Books
Suppress in OPAC No
Holdings
Withdrawn status Lost status Source of classification or shelving scheme Materials specified (bound volume or other part) Damaged status Not for loan Home library Current library Shelving location Date acquired Source of acquisition Total checkouts Full call number Barcode Date last seen Price effective from Koha item type
    Library of Congress Classification VOL. I     Main Campus 2nd Floor Main Library General stacks 02/09/2026 Donation by DR. Christine Murungi   RD731. C28 1987 107323 02/09/2026 02/09/2026 Books
    Library of Congress Classification VOL. II     Main Campus 2nd Floor Main Library General stacks 02/09/2026 Donation by DR. Christine Murungi   RD731. C28 1987 107324 02/09/2026 02/09/2026 Books
    Library of Congress Classification VOL. III     Main Campus 2nd Floor Main Library General stacks 02/09/2026 Donation by DR. Christine Murungi   RD731. C28 1987 107325 02/09/2026 02/09/2026 Books
    Library of Congress Classification VOL. IV     Main Campus 2nd Floor Main Library General stacks 02/09/2026 Donation by DR. Christine Murungi   RD731. C28 1987 107326 02/09/2026 02/09/2026 Books